LEADER 02963oam 2200685zu 450 001 9910139973503321 005 20210807001236.0 010 $a2-36245-022-8 024 7 $a10.4000/books.ifeagd.154 035 $a(CKB)2560000000351761 035 $a(SSID)ssj0001541894 035 $a(PQKBManifestationID)11863086 035 $a(PQKBTitleCode)TC0001541894 035 $a(PQKBWorkID)11535398 035 $a(PQKB)10731271 035 $a(WaSeSS)IndRDA00046059 035 $a(FrMaCLE)OB-ifeagd-154 035 $a(oapen)https://directory.doabooks.org/handle/20.500.12854/56915 035 $a(PPN)18283431X 035 $a(oapen)doab56915 035 $a(EXLCZ)992560000000351761 100 $a20160829d2001 uy 101 0 $afre 135 $aur||||||||||| 181 $ctxt 182 $cc 183 $acr 200 13$aLa présence roumaine à Istanbul : une chronique d l'éphémère et de l'invisible 210 $cInstitut français d?études anatoliennes$d2001 210 31$a[Place of publication not identified]$cInstitut français d'études anatolie$d2001 215 $a1 online resource (47 pages) 225 1 $aDossiers de l'IFEA. Se?rie la Turquie aujourd'hui ;$vNumber 8 300 $aBibliographic Level Mode of Issuance: Monograph 311 08$a2-906053-66-X 320 $aIncludes bibliographical references. 330 $aDepuis 1991, de nombreux ressortissants des pays anciennement communistes affluent sur les marchés d??stanbul, dans ses échoppes et aux abords des quartiers commerçants de Laleli, Beyaz?t, Osmanbey, Merter et Karaköy. Ce « commerce à la valise » a pris d?importantes proportions depuis 1992. Il témoigne, dans le cas stambouliote comme pour d?autres métropoles, de nouvelles formes de mobilités interna­tionales, qui jouent des différentiels de prix et de juridiction d?un État à l?autre. Le cas des commerçants russes et ukrainiens à ?stanbul a fait l?objet d?enquêtes de presse et de quelques études, mais celui des Roumains reste large­ment méconnu. 410 0$aDossiers de l'IFEA.$pSe?rie Turquie aujourd'hui ;$vNumber 8. 606 $aRegions & Countries - Europe$2HILCC 606 $aHistory & Archaeology$2HILCC 606 $aBalkan Peninsula$2HILCC 610 $amigration de travail 610 $atransports 610 $atraite des personnes 610 $amigrations 610 $astéréotypes 610 $aRoumains 610 $acommerce à la valise 610 $aIstanbul 610 $aTurquie 615 7$aRegions & Countries - Europe 615 7$aHistory & Archaeology 615 7$aBalkan Peninsula 700 $aGangloff$b Sylvie$0959622 702 $aTanase$b Thomas 702 $aPérouse$b Jean-François 801 0$bPQKB 906 $aBOOK 912 $a9910139973503321 996 $aLa présence roumaine à Istanbul : une chronique d l'éphémère et de l'invisible$92174657 997 $aUNINA